Discretion to Disobey (Record no. 1183087)

MARC details
000 -LEADER
fixed length control field 00763nam a2200265Ia 4500
003 - CONTROL NUMBER IDENTIFIER
control field OSt
005 - DATE AND TIME OF LATEST TRANSACTION
control field 20221007103558.0
008 - FIXED-LENGTH DATA ELEMENTS--GENERAL INFORMATION
fixed length control field 221006b |||||||| |||| 00| 0 eng d
020 ## - INTERNATIONAL STANDARD BOOK NUMBER
International Standard Book Number 0804708320
037 ## - SOURCE OF ACQUISITION
Terms of availability Textual
040 ## - CATALOGING SOURCE
Original cataloging agency LCO
Transcribing agency LCO
Language of cataloging eng
041 ## - LANGUAGE CODE
Source of code eng
Language code of text/sound track or separate title eng
100 ## - MAIN ENTRY--PERSONAL NAME
Personal name Kadish M.R.
9 (RLIN) 705277
245 #0 - TITLE STATEMENT
Title Discretion to Disobey
Remainder of title A study of Law ful Departures from Legal Rules
260 ## - PUBLICATION, DISTRIBUTION, ETC.
Place of publication, distribution, etc. California
Name of publisher, distributor, etc. Stanford University Press USA
Date of publication, distribution, etc. 1973
300 ## - PHYSICAL DESCRIPTION
Extent 241
650 ## - SUBJECT ADDED ENTRY--TOPICAL TERM
Topical term or geographic name entry element DISCRETION TO DISOBEY
9 (RLIN) 705278
700 ## - ADDED ENTRY--PERSONAL NAME
Personal name Kadish S.H.
9 (RLIN) 702550
942 ## - ADDED ENTRY ELEMENTS (KOHA)
Classification part Z,5Z7, L3
Koha item type Textual
Holdings
Withdrawn status Lost status Damaged status Not for loan Home library Current library Date acquired Total Checkouts Full call number Barcode Date last seen Price effective from Koha item type
        Law Centre-I Library Law Centre-I Library 2022-10-07   Z,5Z7 L3 LO0005697 2022-10-07 2022-10-07 Textual
Copyright @ Delhi University Library System